Cancer no Brasil: datos histopatologicos (Registro nro. 2896)

Detalles MARC
000 -LEADER
fixed length control field 00293nam a22001097a 4500
008 - FIXED-LENGTH DATA ELEMENTS--GENERAL INFORMATION
fixed length control field 190404e1982 bl ||||| |||| 00| 0 por d
100 1# - MAIN ENTRY--PERSONAL NAME
Personal name Brumini, Rodolfo
245 1# - TITLE STATEMENT
Title Cancer no Brasil: datos histopatologicos
250 ## - EDITION STATEMENT
Field link and sequence number 1a ed.
260 ## - PUBLICATION, DISTRIBUTION, ETC. (IMPRINT)
Place of publication, distribution, etc Rio de Janeiro
Name of publisher, distributor, etc Brumini editor
Date of publication, distribution, etc 1982
500 ## - GENERAL NOTE
Materials specified Baja
Existencias
Withdrawn status Lost status Source of classification or shelving scheme Damaged status Use restrictions Not for loan Location (home branch) Sublocation or collection (holding branch) Date acquired Koha issues (times borrowed) Piece designation (barcode) Koha date last seen Copy number Price effective from Koha item type Public note
    Dewey Decimal Classification   Restricted Access Not For Loan Biblioteca Medicina Biblioteca Medicina 04/04/2019   276 04/04/2019 Ej.1 04/04/2019 Libros Baja

UNIVERSIDAD NACIONAL DEL COMAHUE
Biblioteca de la Facultad de Ciencias Médicas
Sede Toschi: Los Arrayanes y Av. Toschi, Cipolletti  - Rio Negro
Sede Los Tordos:  Yrigoyen al 2211, Cipolletti - Rio Negro 

Teléfono: 0299 - 4774707 int 25
Contacto: biblioteca@facimed.uncoma.edu.ar
© 2011 - 2026